Managing & Organizations: An Introduction Theory & Practice (Record no. 4320)

MARC details
005 - DATE AND TIME OF LATEST TRANSACTION
control field 20250618151156.0
020 ## - INTERNATIONAL STANDARD BOOK NUMBER
International Standard Book Number 978-0-85702-041-3
082 ## - DEWEY DECIMAL CLASSIFICATION NUMBER
Classification number 658 CLE
100 ## - MAIN ENTRY--PERSONAL NAME
Author name CLEGG,S.
245 ## - TITLE STATEMENT
Title Managing & Organizations: An Introduction Theory & Practice
250 ## - EDITION STATEMENT
Edition statement 3rd Ed.
260 ## - PUBLICATION, DISTRIBUTION, ETC.
Place of publication, distribution, etc. London,
Name of publisher, distributor, etc. Sage Publications Ltd,
Date of publication, distribution, etc. 2011.
300 ## - PHYSICAL DESCRIPTION
Extent xxix,682p.:ill.;figures,pictures, tables
Other physical details Bibliography,Glossary and Index
Dimensions 24.5cm
700 ## - ADDED ENTRY--PERSONAL NAME
Other authors/Editors Kornberger,Martin
700 ## - ADDED ENTRY--PERSONAL NAME
Other authors/Editors Pitsis, Tyrone
942 ## - ADDED ENTRY ELEMENTS (KOHA)
Source of classification or shelving scheme Dewey Decimal Classification
Koha item type Books
Holdings
Date last seen Total checkouts Full call number Barcode Cost, replacement price Price effective from Koha item type Lost status Source of classification or shelving scheme Damaged status Not for loan Withdrawn status Home library Current library Shelving location Date acquired Source of acquisition Cost, normal purchase price
06/18/2025   658 CLE MZA0001437 150000.00 06/18/2025 Books   Dewey Decimal Classification       CBE Mwanza CBE Mwanza Special Reserve Collection 06/18/2025 TLSB Donation 50000.00